000 02422cam a22004934i 4500
003 PE-LiUPU
005 20250731183441.0
008 150706s2012 r 000 0 d
020 _a9789588572499
035 _a(Sirsi) i9789588572499
040 _aPE-LiUPU
_bspa
_cPE-LiUPU
_erda
049 _aPRUA
082 0 4 _a728.1
_bR21
_221
100 1 _aRamos Calonge, Helmuth,
_eautor.
245 1 0 _aMetodología para diagnosticar la habitabilidad en la vivienda social :
_bhigrotermicidad-iluminación-acústica /
_cHelmoth Ramos Calonge.
264 1 _aBogotá :
_bUniversidad de la Salle,
_c2012.
300 _a142 páginas :
_bilustraciones ;
_c20 cm.
336 _atext
_2rdacontent
337 _aunmediated
_2rdamedia
338 _avolume
_2rdacarrier
504 _aIncluye bibliografía.
505 0 _aProblemática de la vivienda en Colombia -- Marco teórico -- Metodología -- Consolidados de muestras y percepciones de los habitantes -- Conclusiones y recomendaciones.
526 _aP158
526 _aP146
526 _aP17
526 _aP12
526 _aP06
541 _g015-0015392;
541 _g015-0016385;
650 0 4 _aViviendas sociales.
650 0 4 _aVivienda popular.
_93478
650 0 4 _aArquitectura doméstica.
_93375
650 0 4 _aAlumbrado arquitectónico.
650 0 4 _aAcústica.
910 _cbd
_d20130717
942 _2ddc
_cBOOK
949 _a728.1 R21
_wDEWEY
_c1
_i67581
_lCCODEBUL1
_mBUL
_p30.00
_r0
_sY
_tBOOK
_u2015-7-6
_xINGENIERIA
_PP06
_o.STAFF. Colección General
949 _a728.1 R21
_wDEWEY
_c2
_i69717
_lCCODEBUL1
_mBUL
_p30.00
_r0
_sY
_tBOOK
_u2015-7-6
_xINGENIERIA
_PP06
_o.STAFF. Colección General
994 _aC0
_bPEPRU
596 _a1
999 _a728.1 R21
_wDEWEY
_c55210
_i67581
_d55210
_e2019-7-17
_f2021-11-30
_g6
_lCCODEBUL1
_mBUL
_n9
_p30.00
_r0
_sY
_tBOOK
_u2015-7-6
_xINGENIERIA
_PP06
_0COMPRA
_o.STAFF. Colección Ingenieria y Arquitectura
999 _a728.1 R21
_wDEWEY
_c2
_i69717
_d2018-11-8
_e2018-11-5
_f2019-12-11
_g6
_lCCODEBUL1
_mBUL
_n1
_p30.00
_q1
_r0
_sY
_tBOOK
_u2015-7-6
_xINGENIERIA
_PP06
_0COMPRA
_o.STAFF. Colección General
999 _a728.1 R21
_wDEWEY
_c3
_i70672
_d2019-4-29
_e2018-8-16
_f2021-11-30
_g7
_lCCODEBUL1
_mBUL
_n3
_p30.00
_q2
_r0
_sY
_tBOOK
_u2016-8-9
_xINGENIERIA
_PP06
_0COMPRA
_o.STAFF. Colección General
980 _81
_gALBERTO SANCHEZ Responsable de Automatización